00905nam a2200217 i 450000100060000000300090000600500170001500700030003200800410003510000320007624501730010825000240028126000810030530000410038670000290042770000270045670000360048385200310051999900170055095201200056728013ES-MaACL20230906153739.0t|030116s1946 ag ||||1| spa d1 aBailey, Frederick R.92469210aHistología / cFrederick R. Bailey ; undécima edición revisada por Philip E. Smith... ; traducción y notas por José Pandra... ; prólogo de Manuel E. Varela. a1ª ed. castellana. aBuenos Aires : bLópez Etchegoyen, c1946 (fLa prensa médica argentina) a907 p., 16 lám. : bil. ; c23 cm.1 aSmith, Philip E.91069131 aPandra, José.9887601 aVarela, Manuel Enrique.9113143 aES-MaACLjC-4080 bR.23681 c28013d28013 00104070aATENEOMbATENEOMcSPALd2008-01-17eSCl0oC-4080p1028922r2023-02-23 00:00:00w2023-02-23yMONOGRAFIA